Common GeoGuessr Domain Codes - Statistics

General Stats
  • This quiz has been taken 144 times
  • The average score is 11 of 18
Answer Stats
Hint Answer % Correct
.uy Uruguay
88%
.co Colombia
83%
.lt (LT) Lithuania
81%
.ch Switzerland
80%
.lt (LV) Latvia
78%
.za South Africa
77%
.ee Estonia
73%
.ph Philippines
70%
.cl Chile
68%
.ie Ireland
68%
.hr Croatia
66%
.tu Turkey
65%
.kg Kyrgyzstan
58%
.do Dominican Republic
55%
.mk North Macedonia
43%
.me Montenegro
41%
.rs Serbia
41%
.pr Puerto Rico
13%
No matching quizzes found
Score Distribution
Percent of People with Each Score
Percentile by Number Answered
Your Score History
You have not taken this quiz